000 01184nam a2200229Ia 4500
001 L200-55152
003 IT-CnALBA
008 170116s9999||||xx |||||||||||||| ||und||
040 _aIT-CnALBA
_cIT-CnALBA
041 _aITALIANO
100 _aALBINI CHRISTIAN
245 0 _aQUALE CRISTIANESIMO IN UNA SOCIETÀ GLOBALIZZATA?
250 _a1a ed.
260 _a MI, TO
_bPAOLINE EDITORIALE LIBRI
_c2003 [1° Ed.:2003 - Ed.Ling.Originale: 2003]
300 _a184 p.
500 _aPERSONA E SOCIETÀ. VANGELO CHIESA SOCIETÀ. DAI GRANDI AI PICCOLI MAESTRI. LA SOCIETÀ PLANETARIA E LE SUE SFIDE. QUALE GLOBALIZZAZIONE? CULTURE IN GIOCO. ETICA E SCANBI IN INTERNET. LAVORO E PARTECIPAZIONE. PER UNA CIVILTÀ D'AMORE.
501 _aSocietà San Paolo EM - Piazza San Paolo, 14 - 12051 ALBA (CN) (non commercial uses only) ® Copyright 2017
520 _aPERSONA E SOCIETÀ. VANGELO CHIESA SOCIETÀ. DAI GRANDI AI PICCOLI MAESTRI. LA SOCIETÀ PLANETARIA E LE SUE SFIDE. QUALE GLOBALIZZAZIONE? CULTURE IN GIOCO. ETICA E SCANBI IN INTERNET. LAVORO E PARTECIPAZIONE. PER UNA CIVILTÀ D'AMORE.
650 _aRELIGIONE - RELIGIONE CRISTIANA
942 _cBK
957 _71
999 _a72642
_bNO
_g Copie: 1
_c314004
_d314004